| 000 | 00616cam a2200217 4500 | ||
|---|---|---|---|
| 008 | 000000n2000 000 0 eng u | ||
| 020 | _a0566082829 | ||
| 035 | _a(Sirsi) u112005 | ||
| 050 | _a624.08 | ||
| 100 | _aMarsh, Peter | ||
| 245 | _aContracting for engineering and construction projects. | ||
| 250 | _a5th ed. | ||
| 260 |
_aAldershot _bGower _b2000 |
||
| 300 | _axvii,232p. ; 25cm. | ||
| 350 | _a60.00 | ||
| 650 | _aBUILT ENVIRONMENT-BUILDING CONTRACT FORMS | ||
| 650 | _aCIVIL ENGINEERING CONTRACTS | ||
| 650 | _aTENDERING | ||
| 690 | _aBUILT ENVIRONMENT-BUILDING CONTRACT FORMS | ||
| 942 | _n0 | ||
| 999 |
_c101336 _d101336 |
||